00225nam a2200085Ia 4500008004100000100001400041245005200055260002400107300000800131190216s9999||||xx |||||||||||||| ||und|| aAndley Kk 0aTextbook Of Money Foreign Exchange And Banking bPusthak Mahalc1963 a54p